[Event "ROM-ch U20"]
[Site "Mamaia"]
[Date "2021.04.13"]
[Round "9"]
[White "Ileana, George"]
[Black "Szocs, Teodor Iulian"]
[Result "1/2-1/2"]
[WhiteElo "2344"]
[BlackElo "2013"]
[PlyCount "117"]
[EventDate "2021.04.07"]
[EventType "swiss"]
[EventRounds "9"]
[EventCountry "ROU"]
[SourceTitle "EXT 2022"]
[Source "ChessBase"]
[SourceDate "2021.10.06"]
[SourceVersion "1"]
[SourceVersionDate "2021.10.06"]
[SourceQuality "1"]

1. e4 c6 2. Nf3 d5 3. Nc3 dxe4 4. Nxe4 Nf6 5. Nxf6+ gxf6 6. d4 Bg4 7. Be3 Qa5+ 8. Qd2 Qxd2+ 9. Nxd2 Bf5 10. 0-0-0 e6 11. Bf4 Nd7 12. Nc4 0-0-0 13. Nd6+ Bxd6 14. Bxd6 Rde8 15. Be2 h5 16. Rhe1 Nb6 17. Bf1 Kd7 18. Ba3 Kc7 19. c4 h4 20. b3 Rh5 21. Kb2 Bh7 22. f4 Rg8 23. Rd2 Bf5 24. Bb4 Bh7 25. a4 Nd7 26. Be2 Rf5 27. Bd3 Rh5 28. Bf1 Nb6 29. a5 Nc8 30. a6 b6 31. Be2 Rf5 32. Bd3 Rh5 33. Bxh7 Rxh7 34. d5 exd5 35. cxd5 c5 36. Bc3 Rhg7 37. Ree2 Rg6 38. f5 Rh6 39. Rd3 Kd7 40. Rde3 Rh5 41. Bxf6 Rxf5 42. Bxh4 Rxd5 43. Rf2 f5 44. Bf6 Rg6 45. Bc3 b5 46. h4 Rxa6 47. h5 Rh6 48. Rh3 Ne7 49. Bg7 Rh7 50. h6 Ng8 51. Rh5 Nxh6 52. Bxh6 Rd6 53. Rhxf5 Rdxh6 54. Rxc5 a6 55. g4 Rh2 56. Rxh2 Rxh2+ 57. Ka3 Rg2 58. Kb4 a5+ 59. Kxb5 1/2-1/2

[Event "ROM-ch U20"]
[Site "Mamaia"]
[Date "2021.04.11"]
[Round "7"]
[White "Szocs, Teodor Iulian"]
[Black "Chipaila, Cristian Florin"]
[Result "1-0"]
[WhiteElo "2013"]
[BlackElo "1577"]
[PlyCount "89"]
[EventDate "2021.04.07"]
[EventType "swiss"]
[EventRounds "9"]
[EventCountry "ROU"]
[SourceTitle "EXT 2022"]
[Source "ChessBase"]
[SourceDate "2021.10.06"]
[SourceVersion "1"]
[SourceVersionDate "2021.10.06"]
[SourceQuality "1"]

1. e4 c5 2. f4 e6 3. Nf3 a6 4. Be2 Qc7 5. d3 b5 6. 0-0 Bb7 7. a4 Be7 8. Qe1 Nc6 9. axb5 axb5 10. Rxa8+ Bxa8 11. Qg3 g6 12. Be3 Nf6 13. Qh3 h5 14. Ng5 Nd4 15. Bd1 Nh7 16. Nxh7 Rxh7 17. c3 Nc6 18. f5 Ne5 19. fxg6 fxg6 20. Bf4 Bd6 21. Qg3 Rg7 22. Bxh5 Nf7 23. Bxd6 Qxd6 24. Bxg6 Qxg3 25. Bxf7+ Rxf7 26. hxg3 Rg7 27. Kf2 Ke7 28. Nd2 d6 29. Ra1 Bc6 30. Ra7+ Bd7 31. Nf3 Rf7 32. b3 Rf8 33. g4 Rc8 34. g5 e5 35. Nh4 Ke6 36. g6 Rg8 37. g4 Be8 38. g7 Kf6 39. Nf5 b4 40. c4 Bf7 41. Nxd6 Rxg7 42. Rxf7+ Rxf7 43. Nxf7 Kxf7 44. Kg3 Kg7 45. Kh4 1-0

[Event "ROM-ch U20"]
[Site "Mamaia"]
[Date "2021.04.10"]
[Round "5"]
[White "Szocs, Teodor Iulian"]
[Black "Cruceru Uceanu, Tudor Mihai"]
[Result "0-1"]
[WhiteElo "2013"]
[BlackElo "1546"]
[PlyCount "50"]
[EventDate "2021.04.07"]
[EventType "swiss"]
[EventRounds "9"]
[EventCountry "ROU"]
[SourceTitle "EXT 2022"]
[Source "ChessBase"]
[SourceDate "2021.10.06"]
[SourceVersion "1"]
[SourceVersionDate "2021.10.06"]
[SourceQuality "1"]

1. e4 e5 2. b3 Nf6 3. Nc3 Nc6 4. Bb2 Bc5 5. Bc4 0-0 6. Nf3 d6 7. h3 a6 8. a4 Be6 9. 0-0 Bxc4 10. bxc4 Qd7 11. Nh4 Nd4 12. d3 g6 13. Nd5 Nxd5 14. cxd5 f5 15. c3 Nb3 16. Qxb3 fxe4 17. dxe4 Rf4 18. g4 Raf8 19. Ng2 Rxf2 20. Rxf2 Rxf2 21. Kh1 Qf7 22. Qxb7 Rf1+ 23. Rxf1 Qxf1+ 24. Kh2 Bg1+ 25. Kh1 Bf2+ 0-1

[Event "ROM-ch U20"]
[Site "Mamaia"]
[Date "2021.04.09"]
[Round "4"]
[White "Olariu, Luca Stefan"]
[Black "Szocs, Teodor Iulian"]
[Result "1-0"]
[WhiteElo "2144"]
[BlackElo "2013"]
[PlyCount "85"]
[EventDate "2021.04.07"]
[EventType "swiss"]
[EventRounds "9"]
[EventCountry "ROU"]
[SourceTitle "EXT 2022"]
[Source "ChessBase"]
[SourceDate "2021.10.06"]
[SourceVersion "1"]
[SourceVersionDate "2021.10.06"]
[SourceQuality "1"]

1. d4 d5 2. c4 e6 3. Nc3 Nf6 4. cxd5 exd5 5. Bg5 Be7 6. e3 c6 7. Bd3 Bg4 8. Qc2 Bh5 9. Nge2 Bg6 10. Ng3 Bxd3 11. Qxd3 h6 12. Bf4 g6 13. 0-0 Na6 14. e4 dxe4 15. Ngxe4 Nd5 16. Nxd5 Qxd5 17. Nc3 Qd7 18. Rfe1 0-0-0 19. Qc4 Bd6 20. Bxd6 Qxd6 21. d5 c5 22. Rad1 Rhe8 23. Ne4 Qe5 24. Qc1 Rxd5 25. Rxd5 Qxd5 26. Nd6+ Qxd6 27. Rxe8+ Kd7 28. Re1 Qf6 29. Qd2+ Kc6 30. Rd1 Qe6 31. a3 h5 32. Qc3 Nc7 33. Rc1 Qf5 34. b4 Ne6 35. bxc5 Nxc5 36. Qa5 a6 37. Qa4+ Kb6 38. Qb4+ Kc6 39. a4 b5 40. Qa5 bxa4 41. Qxa6+ Kd7 42. Qb5+ Kd6 43. Qb6+ 1-0

[Event "World School-ch U17"]
[Site "Iasi"]
[Date "2017.04.27"]
[Round "6"]
[White "Szocs, Teodor Iulian"]
[Black "Levi, Netanel"]
[Result "1-0"]
[WhiteElo "1923"]
[BlackElo "1997"]
[PlyCount "91"]
[EventDate "2017.04.23"]
[EventType "swiss"]
[EventRounds "9"]
[EventCountry "ROU"]
[SourceTitle "CBM 178 Extra"]
[Source "ChessBase"]
[SourceDate "2017.06.22"]
[SourceVersion "1"]
[SourceVersionDate "2017.06.22"]
[SourceQuality "1"]

1. e4 c5 2. Nc3 e6 3. Nf3 a6 4. a4 d5 5. exd5 exd5 6. d4 Nf6 7. Be2 Nc6 8. 0-0 Bg4 9. Bg5 c4 10. Ne5 Bxe2 11. Nxc6 Bxd1 12. Nxd8 Rxd8 13. Re1+ Be7 14. Bxf6 gxf6 15. Raxd1 Kf8 16. Re3 Bb4 17. Ne2 Bd6 18. Rf3 Re8 19. Nc3 Kg7 20. Kf1 Re6 21. Nxd5 Rd8 22. Ne3 b5 23. c3 Kg6 24. axb5 axb5 25. Ra1 Rde8 26. g3 h5 27. Kg2 Rc8 28. Nf5 Bc7 29. Nh4+ Kh6 30. Rf5 b4 31. Rc5 Re2 32. cxb4 Rxb2 33. Nf5+ Kh7 34. Ra7 Rxb4 35. Raxc7 Rxc7 36. Rxc7 Kg6 37. Ne3 c3 38. d5 f5 39. Rxc3 f4 40. gxf4 Rxf4 41. Rc4 Rxc4 42. Nxc4 Kf6 43. d6 Ke6 44. Kf3 f6 45. Kf4 h4 46. h3 1-0

[Event "ROM-ch U16"]
[Site "Baile Felix"]
[Date "2017.02.09"]
[Round "9"]
[White "Szocs, Teodor Iulian"]
[Black "Cotruta, Alexandru Mihai"]
[Result "1-0"]
[WhiteElo "1920"]
[BlackElo "1854"]
[PlyCount "109"]
[EventDate "2017.02.02"]
[EventType "swiss"]
[EventRounds "9"]
[EventCountry "ROU"]
[SourceTitle "EXT 2018"]
[Source "ChessBase"]
[SourceDate "2017.10.13"]
[SourceVersion "1"]
[SourceVersionDate "2017.10.13"]
[SourceQuality "1"]

1. e4 c5 2. c4 e6 3. Nc3 a6 4. Nf3 Qc7 5. d4 cxd4 6. Nxd4 Nf6 7. Be2 d6 8. 0-0 Nbd7 9. Be3 b6 10. f3 Bb7 11. Rc1 Rc8 12. b3 Qb8 13. Qe1 Be7 14. Qf2 0-0 15. Rfd1 Rfd8 16. Kh1 h5 17. Qg3 Ne5 18. h3 Ng6 19. Bd3 h4 20. Qf2 Nh5 21. Nde2 b5 22. cxb5 axb5 23. Bb6 Rf8 24. Bxb5 Bc6 25. Ba6 Bb7 26. Bxb7 Qxb7 27. Be3 Qb4 28. Rd4 Qa3 29. Rb1 Ng3+ 30. Nxg3 hxg3 31. Qd2 Ra8 32. Bg5 Bxg5 33. Qxg5 Rfc8 34. Qxg3 Rc6 35. Rbd1 Rac8 36. Ne2 Qxa2 37. Qf2 Rc2 38. R4d2 R8c6 39. b4 Qb2 40. Qd4 Qb3 41. Nf4 Kh8 42. Nh5 e5 43. Qd5 Qxb4 44. Rxc2 Rxc2 45. Qxd6 Qb2 46. Rg1 Rd2 47. Qc6 Kh7 48. Qe8 Qc2 49. Ng3 Qb2 50. Nf5 Nf4 51. Ne7 Ng6 52. Qg8+ Kh6 53. Nf5+ Kg5 54. Qxg7 Rd8 55. h4+ 1-0

[Event "ROM-ch U16"]
[Site "Baile Felix"]
[Date "2017.02.08"]
[Round "8"]
[White "Miloi, Pavel Dan"]
[Black "Szocs, Teodor Iulian"]
[Result "1-0"]
[WhiteElo "1782"]
[BlackElo "1920"]
[PlyCount "87"]
[EventDate "2017.02.02"]
[EventType "swiss"]
[EventRounds "9"]
[EventCountry "ROU"]
[SourceTitle "CBM 176 Extra"]
[Source "ChessBase"]
[SourceDate "2017.03.02"]
[SourceVersion "1"]
[SourceVersionDate "2017.03.02"]
[SourceQuality "1"]

1. d4 Nf6 2. c4 c5 3. e3 d6 4. Nc3 Bf5 5. Bd3 Bxd3 6. Qxd3 Nbd7 7. Nf3 g6 8. 0-0 Bg7 9. b3 0-0 10. Bb2 a6 11. h3 Qc7 12. d5 Ne8 13. Nh2 Rb8 14. a4 b6 15. f4 Qc8 16. Rab1 Nc7 17. g4 b5 18. Nf3 bxc4 19. bxc4 Rb7 20. Ba1 Na8 21. a5 Rxb1 22. Qxb1 Qc7 23. Qa2 Rb8 24. Rb1 Rb4 25. Ne1 Qb7 26. Nc2 Bxc3 27. Nxb4 Bxb4 28. Bc3 Qa7 29. Bd2 Nc7 30. Bxb4 cxb4 31. Rxb4 Nc5 32. Qb2 f6 33. Rb8+ Kf7 34. Qb6 Qxb6 35. axb6 Ne8 36. Rc8 Nb7 37. Rc7 Na5 38. Ra7 Ng7 39. Rxa6 Nb7 40. Ra7 Nc5 41. b7 Nxb7 42. Rxb7 h5 43. Kf2 hxg4 44. e4 1-0

[Event "ROM-ch U16"]
[Site "Baile Felix"]
[Date "2017.02.02"]
[Round "1"]
[White "Szocs, Teodor Iulian"]
[Black "Radulescu, Vlad Andrei"]
[Result "1-0"]
[WhiteElo "1920"]
[BlackElo "1420"]
[PlyCount "85"]
[EventDate "2017.02.02"]
[EventType "swiss"]
[EventRounds "9"]
[EventCountry "ROU"]
[SourceTitle "CBM 176 Extra"]
[Source "ChessBase"]
[SourceDate "2017.03.02"]
[SourceVersion "1"]
[SourceVersionDate "2017.03.02"]
[SourceQuality "1"]

1. e4 e5 2. Bc4 Nc6 3. Nf3 Bc5 4. d3 h6 5. 0-0 d6 6. h3 Nf6 7. Nc3 0-0 8. Na4 Bb6 9. a3 Be6 10. Nxb6 axb6 11. Bxe6 fxe6 12. Nh2 Qe8 13. Be3 Qh5 14. Qd2 Nd4 15. Bxd4 exd4 16. f4 Nd7 17. Rf3 Kh7 18. Raf1 Ra5 19. Qf2 c5 20. Qd2 Qh4 21. f5 e5 22. Kh1 c4 23. g4 cxd3 24. cxd3 Rc5 25. Qg2 Rfc8 26. R3f2 Rc1 27. Nf3 Qd8 28. g5 Qe8 29. Kh2 Rxf1 30. Rxf1 Qh5 31. Rg1 hxg5 32. Nxg5+ Kh8 33. Ne6 Rg8 34. Qg4 Qh6 35. Qg5 Kh7 36. Rg4 Qxg5 37. Nxg5+ Kh6 38. Nf7+ Kh5 39. Nxd6 g5 40. fxg6 Rxg6 41. Rxg6 Kxg6 42. b4 Kg5 43. Kg3 1-0

[Event "ROM-ch U16"]
[Site "Calimanesti Caciulata"]
[Date "2016.04.23"]
[Round "7"]
[White "Ileana, George"]
[Black "Szocs, Teodor Iulian"]
[Result "1-0"]
[WhiteElo "2166"]
[BlackElo "1966"]
[PlyCount "57"]
[EventDate "2016.04.18"]
[EventType "swiss"]
[EventRounds "9"]
[EventCountry "ROU"]
[SourceTitle "CBM 172 Extra"]
[Source "ChessBase"]
[SourceDate "2016.06.21"]
[SourceVersion "1"]
[SourceVersionDate "2016.06.21"]
[SourceQuality "1"]

1. e4 c6 2. d4 d5 3. e5 c5 4. dxc5 Nc6 5. Bb5 Qa5+ 6. Nc3 e6 7. Be3 a6 8. Bxc6+ bxc6 9. Qd4 Rb8 10. Qa4 Qc7 11. Nge2 Rxb2 12. 0-0 Ne7 13. Rab1 Rxb1 14. Rxb1 Nf5 15. Rb6 Bb7 16. Qb4 Bc8 17. Bf4 h5 18. Rb8 Be7 19. Qb6 Kd7 20. Na4 Rd8 21. h3 g5 22. Bh2 g4 23. hxg4 hxg4 24. Bf4 Bf8 25. c3 Bg7 26. Nd4 Ne7 27. Ra8 Qxb6 28. cxb6 Bb7 29. Nc5+ 1-0

[Event "ROM-ch U16"]
[Site "Calimanesti Caciulata"]
[Date "2016.04.22"]
[Round "6"]
[White "Szocs, Teodor Iulian"]
[Black "Banzea, Alexandru Bogdan"]
[Result "0-1"]
[WhiteElo "1966"]
[BlackElo "2258"]
[PlyCount "132"]
[EventDate "2016.04.18"]
[EventType "swiss"]
[EventRounds "9"]
[EventCountry "ROU"]
[SourceTitle "CBM 172 Extra"]
[Source "ChessBase"]
[SourceDate "2016.06.21"]
[SourceVersion "1"]
[SourceVersionDate "2016.06.21"]
[SourceQuality "1"]

1. e4 c5 2. Nf3 d6 3. h3 Nf6 4. Nc3 Nc6 5. d4 cxd4 6. Nxd4 Bd7 7. Be2 g6 8. 0-0 Bg7 9. Be3 0-0 10. Bc4 Rc8 11. Bb3 Na5 12. Qd2 a6 13. f4 Rxc3 14. bxc3 Nxe4 15. Qd3 Nc5 16. Qe2 e6 17. Rad1 Qc7 18. c4 Rc8 19. Bf2 f5 20. Be1 Ne4 21. Bxa5 Qxa5 22. Qe3 Qc5 23. Kh2 e5 24. Ne2 Bc6 25. Ng3 Rd8 26. Rde1 Nf2 27. Qd2 Ne4 28. Qd3 a5 29. a4 exf4 30. Nxe4 fxe4 31. Rxe4 Bxe4 32. Qxe4 Be5 33. Kh1 b6 34. Qd5+ Qxd5 35. cxd5 g5 36. Re1 Bd4 37. Re7 b5 38. axb5 a4 39. Ba2 Ra8 40. Re4 Bc5 41. Kh2 Kg7 42. h4 Kg6 43. c3 a3 44. hxg5 Kxg5 45. Re7 Ra5 46. Rb7 Ra7 47. Rxa7 Bxa7 48. Bb1 h5 49. Kh3 Bf2 50. Ba2 Bb6 51. Bb1 Bc5 52. Ba2 Bf2 53. Bb1 Bg1 54. Ba2 Ba7 55. Bb3 Bf2 56. Ba2 Kf5 57. Bb1+ Ke5 58. c4 Kd4 59. b6 Kc3 60. b7 Ba7 61. c5 Bb8 62. cxd6 Bxd6 63. Ba2 Kb2 64. Bc4 a2 65. Bxa2 Kxa2 66. Kh4 Kb3 0-1

[Event "ROM-ch U16"]
[Site "Calimanesti Caciulata"]
[Date "2016.04.21"]
[Round "5"]
[White "Ciorgovean, Iustin"]
[Black "Szocs, Teodor Iulian"]
[Result "1/2-1/2"]
[WhiteElo "2134"]
[BlackElo "1966"]
[PlyCount "204"]
[EventDate "2016.04.18"]
[EventType "swiss"]
[EventRounds "9"]
[EventCountry "ROU"]
[SourceTitle "CBM 172 Extra"]
[Source "ChessBase"]
[SourceDate "2016.06.21"]
[SourceVersion "1"]
[SourceVersionDate "2016.06.21"]
[SourceQuality "1"]

1. d4 d5 2. c4 c6 3. Nf3 Nf6 4. e3 Bf5 5. Nc3 e6 6. Nh4 Bg6 7. Be2 Bd6 8. g3 Nbd7 9. 0-0 Qc7 10. b3 0-0 11. Nxg6 hxg6 12. Bb2 Rac8 13. a3 a6 14. Rc1 Qb8 15. b4 b5 16. c5 Bc7 17. a4 e5 18. Bf3 e4 19. Be2 Rfe8 20. Ra1 Qb7 21. Qb3 Ra8 22. Ra2 Ra7 23. axb5 axb5 24. Rxa7 Qxa7 25. Ra1 Qb7 26. Qa3 Nb8 27. Qa8 Qxa8 28. Rxa8 Nfd7 29. Nxb5 cxb5 30. Bxb5 Kf8 31. Ba4 Ke7 32. Ba3 Rc8 33. b5 Kd8 34. Bb3 Nf6 35. c6 Bb6 36. Bd6 Bc7 37. Bf8 Bb6 38. Bd6 Bc7 39. Bc5 g5 40. h3 g6 41. Kg2 Nxc6 42. Rxc8+ Kxc8 43. bxc6 Bd8 44. Bd6 Ne8 45. Bf8 Nf6 46. Bd6 Ne8 47. Bb4 Nf6 48. Bf8 Kc7 49. g4 Kxc6 50. Ba4+ Kc7 51. Kg3 Nd7 52. Bb4 Bf6 53. Bb5 Bg7 54. Kg2 Bf8 55. Bxf8 Nxf8 56. Be8 f6 57. Bf7 Kd6 58. Kg3 f5 59. h4 gxh4+ 60. Kxh4 fxg4 61. Kg5 Nd7 62. Bxg6 Nb6 63. Bh5 Nc4 64. Bxg4 Nd2 65. Be2 Nb1 66. Kf4 Nc3 67. Bg4 Na2 68. Bd1 Nb4 69. Bg4 Nd3+ 70. Kg3 Nb4 71. Bf5 Na2 72. Bg6 Nc3 73. Be8 Ke6 74. Kg2 Nb1 75. Kf1 Nd2+ 76. Ke2 Nf3 77. Bh5 Ng5 78. Bg4+ Kd6 79. Kf1 Nf7 80. Kg2 Nd8 81. Kg3 Nc6 82. Bf5 Nb4 83. Bh7 Ke6 84. Bg6 Kd6 85. Bf7 Nd3 86. Be8 Nb4 87. Ba4 Na2 88. Bc2 Nc3 89. Kf4 Ke6 90. Bb3 Ne2+ 91. Kg4 Nc3 92. Bc2 Kd6 93. Kf5 Ne2 94. Bxe4 dxe4 95. Kxe4 Nc3+ 96. Kd3 Nd5 97. f4 Ke6 98. Ke4 Nc3+ 99. Kf3 Kf5 100. d5 Ne4 101. Kg2 Kg4 102. Kf1 Kf3 1/2-1/2

[Event "ROM-ch U16"]
[Site "Calimanesti Caciulata"]
[Date "2016.04.20"]
[Round "3"]
[White "Mortu, Adrian"]
[Black "Szocs, Teodor Iulian"]
[Result "0-1"]
[WhiteElo "1704"]
[BlackElo "1966"]
[PlyCount "104"]
[EventDate "2016.04.18"]
[EventType "swiss"]
[EventRounds "9"]
[EventCountry "ROU"]
[SourceTitle "CBM 172 Extra"]
[Source "ChessBase"]
[SourceDate "2016.06.21"]
[SourceVersion "1"]
[SourceVersionDate "2016.06.21"]
[SourceQuality "1"]

1. e4 c6 2. d4 d5 3. Nc3 dxe4 4. Nxe4 Bf5 5. Ng3 Bg6 6. Bc4 e6 7. N1e2 Bd6 8. Nf4 Qc7 9. Qf3 Nf6 10. c3 Bxf4 11. Bxf4 Qe7 12. 0-0 Nbd7 13. Rfe1 Nb6 14. Bb3 0-0 15. Be5 Rad8 16. Ne4 Bxe4 17. Rxe4 h6 18. Bxf6 Qxf6 19. Rf4 Qe7 20. Re1 Nd5 21. Bxd5 Rxd5 22. h3 Rfd8 23. b4 Qc7 24. Qe3 a5 25. a3 Ra8 26. Rg4 Kh8 27. c4 Rd7 28. Rh4 Kg8 29. Rg4 Kh7 30. Qc3 axb4 31. axb4 Rad8 32. c5 Rd5 33. Re3 Qd7 34. Rgg3 g6 35. Qc2 Rf5 36. h4 h5 37. Re4 Qe7 38. Qc3 Rfd5 39. Rge3 Qd7 40. Rd3 e5 41. Rf3 exd4 42. Qd3 Rf5 43. Rff4 Rxf4 44. Rxf4 f5 45. g4 hxg4 46. h5 Qd5 47. hxg6+ Kxg6 48. Rxg4+ Kf6 49. Rg3 Rh8 50. f3 Qe5 51. Kg2 Qe3 52. Qc2 Qe1 0-1

[Event "World School-ch U15 11th"]
[Site "Pattaya"]
[Date "2015.05.14"]
[Round "9"]
[White "Anand, Nadar"]
[Black "Szocs, Teodor Iulian"]
[Result "1-0"]
[WhiteElo "1895"]
[BlackElo "1978"]
[PlyCount "97"]
[EventDate "2015.05.07"]
[EventType "swiss"]
[EventRounds "9"]
[EventCountry "THA"]
[SourceTitle "CBM 166 Extra"]
[Source "ChessBase"]
[SourceDate "2015.06.18"]
[SourceVersion "1"]
[SourceVersionDate "2015.06.18"]
[SourceQuality "1"]

1. Nf3 d5 2. c4 c6 3. d4 Nf6 4. Qc2 Bg4 5. Bf4 e6 6. e3 Bxf3 7. gxf3 Nh5 8. Bg3 Qf6 9. Qb3 Nxg3 10. hxg3 Qxf3 11. Qxb7 Qxh1 12. Qc8+ Ke7 13. Qb7+ Kf6 14. Qxa8 Bd6 15. c5 Bxg3 16. fxg3 Qf3 17. Nc3 Qxg3+ 18. Kd2 h5 19. Be2 g6 20. Rf1+ Kg7 21. Qxa7 Rf8 22. Qe7 h4 23. Qf6+ Kg8 24. Rf4 Nd7 25. Qxh4 Qg1 26. Rf1 Qg2 27. b3 e5 28. Qe7 exd4 29. exd4 Nb8 30. Rf4 Qg1 31. Rh4 Qf2 32. Nd1 Qf5 33. Ne3 Qf2 34. Rh8+ Kxh8 35. Qxf8+ Kh7 36. Qxb8 Qg1 37. Qf4 Kg8 38. Qf1 Qg5 39. Qg2 Qf4 40. Qg4 Qc7 41. b4 Qb8 42. a3 Qc7 43. a4 Kh7 44. a5 f5 45. Nxf5 gxf5 46. Qxf5+ Kg8 47. Qe6+ Kh7 48. Bd3+ Kh8 49. Qe5+ 1-0

[Event "World School-ch U15 11th"]
[Site "Pattaya"]
[Date "2015.05.08"]
[Round "2"]
[White "Lertwiram, Apichat"]
[Black "Szocs, Teodor Iulian"]
[Result "0-1"]
[WhiteElo "1829"]
[BlackElo "1978"]
[PlyCount "108"]
[EventDate "2015.05.07"]
[EventType "swiss"]
[EventRounds "9"]
[EventCountry "THA"]
[SourceTitle "CBM 166 Extra"]
[Source "ChessBase"]
[SourceDate "2015.06.18"]
[SourceVersion "1"]
[SourceVersionDate "2015.06.18"]
[SourceQuality "1"]

1. e4 d5 2. exd5 Nf6 3. Nc3 Nxd5 4. Nxd5 Qxd5 5. d4 Nc6 6. Be3 Bf5 7. c3 e6 8. Nf3 Be7 9. Be2 0-0 10. 0-0 Rfd8 11. c4 Qe4 12. Qb3 Rab8 13. Rfd1 Qc2 14. Qxc2 Bxc2 15. Rd2 Be4 16. a3 Bf6 17. Rad1 Na5 18. Ng5 Bg6 19. b4 Nb3 20. Rb2 Nxd4 21. Bxd4 Bxd4 22. Rbd2 Bf6 23. Nf3 Rxd2 24. Rxd2 Rd8 25. Rxd8+ Bxd8 26. Ne5 Bc2 27. f4 Be7 28. Kf2 f6 29. Nd3 b6 30. Ne1 Ba4 31. Ke3 a5 32. Nd3 Bc2 33. Ne1 Bb3 34. bxa5 bxa5 35. Kd4 Bxa3 36. Nd3 Bc2 37. Kc3 Bxd3 38. Kxd3 Bd6 39. Ke4 a4 40. Bd1 a3 41. Bb3 Bc5 42. h3 f5+ 43. Kf3 Kf7 44. g4 Ke7 45. gxf5 exf5 46. Ke2 Kd6 47. Kd3 Kc6 48. Ba2 Kb6 49. Kc3 Be3 50. Kb4 Bxf4 51. Kxa3 Kc5 52. Kb3 Kd4 53. Kb4 Ke3 54. c5 Kf3 0-1

[Event "World School-ch U15 11th"]
[Site "Pattaya"]
[Date "2015.05.07"]
[Round "1"]
[White "Szocs, Teodor Iulian"]
[Black "Nanayakkara, JAG Ganganath"]
[Result "1-0"]
[WhiteElo "1978"]
[BlackElo "1628"]
[PlyCount "115"]
[EventDate "2015.05.07"]
[EventType "swiss"]
[EventRounds "9"]
[EventCountry "THA"]
[SourceTitle "CBM 166 Extra"]
[Source "ChessBase"]
[SourceDate "2015.06.18"]
[SourceVersion "1"]
[SourceVersionDate "2015.06.18"]
[SourceQuality "1"]

1. e4 c5 2. d4 cxd4 3. c3 dxc3 4. Nxc3 Nc6 5. Bc4 d6 6. Nf3 a6 7. a4 Nf6 8. h3 e6 9. Bf4 Qc7 10. Qe2 h6 11. 0-0 Ne5 12. Ba2 Bd7 13. Nd2 Rc8 14. Be3 Bc6 15. Rac1 Qb8 16. f4 Ned7 17. f5 e5 18. b4 b5 19. axb5 axb5 20. Nxb5 Be7 21. Na7 Rc7 22. Nxc6 Qc8 23. Nxe7 Kxe7 24. Rxc7 Qxc7 25. Qc4 Qxc4 26. Bxc4 Rc8 27. Bb5 Rc3 28. Kf2 d5 29. Bxd7 d4 30. Bxd4 exd4 31. Bb5 Rc2 32. Ke1 Rc1+ 33. Ke2 Rc2 34. Bd3 Ra2 35. Rc1 Kd6 36. g4 Nd7 37. Rc2 Ra1 38. Nc4+ Ke7 39. b5 Rh1 40. b6 Nc5 41. Ne5 Rh2+ 42. Kf1 Rxc2 43. Bxc2 f6 44. Nc6+ Kd6 45. Nxd4 Ke5 46. Ne6 Nd7 47. b7 Kd6 48. Bb3 Nb8 49. Nxg7 Kc7 50. Ne8+ Kxb7 51. Nxf6 Kc7 52. e5 Nc6 53. e6 Kd6 54. Ne4+ Ke7 55. f6+ Kf8 56. e7+ Ke8 57. Ba4 Kd7 58. Bxc6+ 1-0

[Event "ROM-ch U14"]
[Site "Calimanesti"]
[Date "2015.04.05"]
[Round "8"]
[White "Albu, George"]
[Black "Szocs, Teodor Iulian"]
[Result "1/2-1/2"]
[WhiteElo "1764"]
[BlackElo "2014"]
[PlyCount "115"]
[EventDate "2015.03.30"]
[EventType "swiss"]
[EventRounds "9"]
[EventCountry "ROU"]
[SourceTitle "CBM 165 Extra"]
[Source "ChessBase"]
[SourceDate "2015.04.21"]
[SourceVersion "1"]
[SourceVersionDate "2015.04.21"]
[SourceQuality "1"]

1. d4 d5 2. c4 c6 3. Nf3 Nf6 4. e3 Bg4 5. Nc3 e6 6. h3 Bh5 7. g4 Bg6 8. Ne5 Nbd7 9. Nxg6 hxg6 10. Bg2 dxc4 11. 0-0 Qc7 12. Qe2 Nb6 13. e4 0-0-0 14. Be3 a6 15. a4 c5 16. a5 Nbd7 17. d5 exd5 18. exd5 Bd6 19. Rfb1 Bf4 20. b4 Bxe3 21. d6 Qxd6 22. Bxb7+ Kc7 23. Qxe3 Rde8 24. bxc5 Nxc5 25. Qf3 Nb3 26. Rxb3 cxb3 27. Na4 Nxg4 28. hxg4 Qh2+ 29. Kf1 Qh3+ 30. Kg1 Qh2+ 31. Kf1 Qh3+ 32. Qxh3 Rxh3 33. Kg2 Rd3 34. Bxa6 Rd4 35. Nc5 Rxg4+ 36. Kf3 b2 37. Rb1 Rb4 38. Nd3 Rb3 39. Rxb2 Rxb2 40. Nxb2 Ra8 41. Bc4 Rxa5 42. Kg3 f6 43. Nd1 Kd6 44. Ne3 Ra4 45. Bf7 g5 46. Be8 Ra8 47. Nf5+ Ke5 48. Nxg7 Ra7 49. Nh5 Re7 50. Bb5 f5 51. f4+ gxf4+ 52. Nxf4 Rb7 53. Be2 Rb3+ 54. Bf3 Rc3 55. Ne2 Re3 56. Kf2 f4 57. Ba8 Ra3 58. Bf3 1/2-1/2

[Event "ROM-ch U14"]
[Site "Calimanesti"]
[Date "2015.04.03"]
[Round "6"]
[White "Szocs, Teodor Iulian"]
[Black "Fluerariu, Radu Cristian"]
[Result "1-0"]
[WhiteElo "2014"]
[BlackElo "1722"]
[PlyCount "121"]
[EventDate "2015.03.30"]
[EventType "swiss"]
[EventRounds "9"]
[EventCountry "ROU"]
[SourceTitle "CBM 165 Extra"]
[Source "ChessBase"]
[SourceDate "2015.04.21"]
[SourceVersion "1"]
[SourceVersionDate "2015.04.21"]
[SourceQuality "1"]

1. e4 c5 2. d4 cxd4 3. c3 dxc3 4. Nxc3 Nc6 5. Nf3 d6 6. Bc4 e6 7. 0-0 Be7 8. Bf4 Nf6 9. Qe2 e5 10. Be3 0-0 11. h3 h6 12. Rfd1 Be6 13. Bxe6 fxe6 14. Qc4 Qc8 15. Kh1 Kh7 16. Rac1 Rd8 17. a3 Ne8 18. b4 Nc7 19. Na4 d5 20. exd5 exd5 21. Qc2+ Kh8 22. Nxe5 Nxe5 23. Qxc7 Bf6 24. Qxc8 Raxc8 25. Rxc8 Rxc8 26. Rxd5 b6 27. Bd4 Rc1+ 28. Kh2 Rd1 29. Nc3 Rxd4 30. Rxd4 Nf3+ 31. gxf3 Bxd4 32. Nd1 Kg8 33. Kg3 Kf7 34. Kf4 a5 35. Ke4 Bf6 36. Ne3 Be7 37. Nd5 axb4 38. axb4 Bd6 39. b5 Bc5 40. Ne3 Ke6 41. f4 g6 42. Ng4 h5 43. Ne5 Bxf2 44. Nxg6 Kf6 45. Ne5 Ke6 46. Nd3 Bg3 47. f5+ Kf6 48. Nf4 Kg5 49. Nd5 Bf2 50. f6 Kg6 51. Ke5 Kf7 52. Nf4 Bg3 53. Kf5 Bxf4 54. Kxf4 Kxf6 55. h4 Ke6 56. Kg5 Ke5 57. Kxh5 Kf5 58. Kh6 Kf6 59. h5 Kf7 60. Kg5 Kg7 61. Kf5 1-0

[Event "ROM-ch U14"]
[Site "Calimanesti"]
[Date "2015.04.01"]
[Round "3"]
[White "Chioran, Andrei Ovidiu"]
[Black "Szocs, Teodor Iulian"]
[Result "0-1"]
[WhiteElo "1697"]
[BlackElo "2014"]
[PlyCount "72"]
[EventDate "2015.03.30"]
[EventType "swiss"]
[EventRounds "9"]
[EventCountry "ROU"]
[SourceTitle "CBM 165 Extra"]
[Source "ChessBase"]
[SourceDate "2015.04.21"]
[SourceVersion "1"]
[SourceVersionDate "2015.04.21"]
[SourceQuality "1"]

1. e4 d5 2. exd5 Nf6 3. d4 Bg4 4. Nf3 Qxd5 5. Nc3 Qf5 6. Be2 Nc6 7. h3 Bxf3 8. Bxf3 Nb4 9. 0-0 c6 10. Be3 Qxc2 11. Qxc2 Nxc2 12. Rac1 Nxe3 13. fxe3 e6 14. Ne2 Be7 15. Rxc6 Kd7 16. Rc3 Rab8 17. Rfc1 Bd6 18. Nf4 Bxf4 19. exf4 Rhc8 20. Rxc8 Rxc8 21. Rxc8 Kxc8 22. g4 Kc7 23. Kf2 b6 24. g5 Ng8 25. Ke3 Kd6 26. Kd3 b5 27. Kc3 a5 28. b4 a4 29. h4 Ne7 30. Kd3 Nd5 31. Bxd5 Kxd5 32. h5 h6 33. f5 exf5 34. gxh6 gxh6 35. Ke3 a3 36. Kf4 Kxd4 0-1